[Event "IECC Y2KO email"]
[Site "IECC email"]
[Date "1999.10.14"]
[Round "?"]
[White "Schneider, Helmut"]
[Black "Winters, Benjamin"]
[Result "1-0"]
[WhiteElo "1868"]
[BlackElo "1200"]
[PlyCount "23"]
[EventDate "1999.??.??"]
[EventType "tourn (corr)"]
[EventRounds "2"]
[SourceTitle "Corr 2008"]
[Source "ChessBase"]
[SourceDate "2008.06.24"]
[SourceVersion "1"]
[SourceVersionDate "2008.06.24"]
[SourceQuality "1"]

1. e4 e5 2. Nf3 d6 3. d4 Bg4 4. dxe5 Nc6 5. exd6 Bxd6 6. Bb5 Qe7 7. h3 Bxf3 8. Qxf3 0-0-0 9. Nc3 Bb4 10. 0-0 Qe5 11. Bxc6 Bd6 12. g3 1-0